000 00424nam a2200169Ia 4500
008 230711s9999||||xx |||||||||||||| ||und||
020 _a978-81-219-1114-6
041 _aENG
082 _a670
_bSH-A
100 _aSharma,P.C
245 2 _aA textbook of production technology
250 _a3rd Ed.
260 _c2014
_aNew Delhi
_bS.Chand & Company Ltd
300 _a834p.
650 _aMechanical Engineering
942 _cBK
999 _c5901
_d5901